La réponse est un nombre - Géographie - Erreurs éliminatoires - Statistiques

Statistiques générales
  • Ce quiz a été pris 282 fois
  • Le résultat moyen est 4 sur 15
Statistiques - réponses
Question Nombre % Correct
Nombre de pays au sein de l'UE 27
81%
Nombre de pays frontalier avec la France métropolitaine 8
77%
Nombre d'arrondissements à Paris 20
73%
Nombre d'états aux États-Unis 50
65%
Nombre de départements dans la région Auvergne-Rhône-Alpes 12
27%
Nombre de pays en Afrique 54
24%
Nombre de régions administratives en France métropolitaine 13
22%
Nombre de départements français (hors outre-mer) 96
18%
Nombre de pays en Amérique du Sud 12
17%
Nombre de régions en France métropolitaine de 1970 à 2015 22
8%
Nombre de pays traversés par le fleuve Nil 11
6%
Nombre d'arrondissements à Marseille 16
5%
Nombre de pays dans la zone euro 20
5%
Nombre de pays au monde ayant plus de 100 millions d'habitants 16
1%
Nombre de commaunté autonomes (régions) en Espagne 17
1%
Aucun quiz correspondant
Distribution des résultats
% des personnes avec chaque résultat
Percentile par nombre de réponses
Votre historique - résultats
Vous n’avez pas pris ce quiz